Higher Engineering Mathematics / (Record no. 4086)

000 -LEADER
fixed length control field 00381nam a22001457a 4500
008 - FIXED-LENGTH DATA ELEMENTS--GENERAL INFORMATION
fixed length control field 200715b ||||| |||| 00| 0 eng d
082 00 - DEWEY DECIMAL CLASSIFICATION NUMBER
Classification number 510.2462
Item number G841
100 ## - MAIN ENTRY--PERSONAL NAME
9 (RLIN) 1611
Personal name Grewal, B. S.
245 10 - TITLE STATEMENT
Title Higher Engineering Mathematics /
250 ## - EDITION STATEMENT
Edition statement 31st ed.
260 ## - PUBLICATION, DISTRIBUTION, ETC. (IMPRINT)
Place of publication, distribution, etc Delhi
Name of publisher, distributor, etc Khanna Publisher
Date of publication, distribution, etc 1995
300 ## - PHYSICAL DESCRIPTION
Extent 1224 p.
650 #0 - SUBJECT ADDED ENTRY--TOPICAL TERM
Topical term or geographic name as entry element Mathematics
942 ## - ADDED ENTRY ELEMENTS (KOHA)
Item type Books
Holdings
Withdrawn status Lost status Source of classification or shelving scheme Damaged status Not for loan Permanent location Current location Date acquired Full call number Barcode Date last seen Koha item type
          IMU Kolkata IMU Kolkata 2020-07-15 510.2462 G841 07509 2020-07-15 Books
          IMU Kolkata IMU Kolkata 2020-07-15 510.2462 G841 07511 2020-07-15 Books
          IMU Kolkata IMU Kolkata 2020-07-17 510.2462 G841 07517 2020-07-17 Books
Designed and Maintained by IMU-KC Library, Kolkata Campus © Copyright All Rights Reserved

webs counters

Powered by Koha